Test de Rapidité - Lettre "O" - Statistiques

Statistiques générales
  • Ce quiz a été pris 1 655 fois
  • Le résultat moyen est 92 sur 100
Statistiques - réponses
Lettre "O" % Correct
O
100%
O
100%
O
99%
O
99%
O
99%
O
99%
O
98%
O
98%
O
98%
O
98%
O
98%
O
97%
O
97%
O
97%
O
97%
O
97%
O
97%
O
97%
O
97%
O
97%
O
97%
O
97%
O
97%
O
97%
O
96%
O
96%
O
96%
O
96%
O
96%
O
96%
O
96%
O
96%
O
96%
O
96%
O
96%
O
96%
O
96%
O
95%
O
95%
O
95%
O
95%
O
95%
O
95%
O
95%
O
95%
O
94%
O
94%
O
94%
O
94%
O
94%
O
94%
O
94%
O
94%
O
94%
O
94%
O
94%
O
94%
O
94%
O
94%
O
93%
O
93%
O
93%
O
92%
O
92%
O
92%
O
92%
O
91%
O
91%
O
91%
O
90%
O
90%
O
89%
O
89%
O
89%
O
88%
O
88%
O
88%
O
88%
O
87%
O
87%
O
86%
O
86%
O
86%
O
85%
O
85%
O
84%
O
83%
O
82%
O
81%
O
80%
O
79%
O
78%
O
77%
O
76%
O
75%
O
75%
O
74%
O
72%
O
71%
O
70%
Aucun quiz correspondant
Distribution des résultats
% des personnes avec chaque résultat
Percentile par nombre de réponses
Votre historique - résultats
Vous n’avez pas pris ce quiz